| 000 | 00447nam a22001697a 4500 | ||
|---|---|---|---|
| 005 | 20160429105911.0 | ||
| 008 | 160429b xxu||||| |||| 00| 0 eng d | ||
| 020 | _a81-7656353-6 | ||
| 041 | _aeng | ||
| 082 | _b00770 | ||
| 100 |
_aJain, V.K. _9217 |
||
| 245 | _aO' Level-Module-2 Personal Computer Software (MS Word +Excel) | ||
| 260 |
_aNew Delhi _bBPB Publishing, _c2001 |
||
| 300 | _a461 | ||
| 650 |
_aInformation Technology _9137 |
||
| 942 | _cBK | ||
| 999 |
_c242 _d242 |
||